01509nam a2200421 450000100060000000300080000600500170001400600190003100700150005000800410006502000150010603500230012103500240014403500250016803500210019304000260021405000220024008000130026210000250027524501220030026000520042230000120047453301640048665000340065065000180068465000320070265000280073465000270076265000150078965500270080470000410083170000410087270000390091370000370095271000190098985600620100899900170107086645FlNmELB20241217171507.0m o d | cr cn|||||||||201208r2005 ag |||||s|||||||||||spa d z1413584616 a(MiAaPQ)EBC3161541 a(Au-PeEL)EBL3161541 a(CaPaEBR)ebr10088804 a(OCoLC)928565559 aFlNmELBbspacFlNmELB 4aT58.5.bS715 2005 a65.012.41 aSosa Flores, Miguel.10aImpacto de las inversiones en tecnología de informaciónh[recurso electronico] /cMiguel Sosa Flores ...[et-al.]. a[Santa Fe, Argentina] :bEl Cid Editor,c[2005] a[12] p. aRecurso electrónico. Santa Fe, Arg.: e-libro, 2015. Disponible vía World Wide Web. El acceso puede estar limitado para las bibliotecas afiliadas a e-libro. 4aAdministración de empresas. 4aTecnología. 4aTecnología electrónica. 4aInformation technology. 4aIndustrial management. 4aEconomics. 4aLibros electrónicos.1 aFuente Flores, Franklin de la,eaut.1 aGutiérrez Fonseca, Graciela,eaut.1 aRamírez González, Yenis,eaut.1 aBrizuela Sánchez, Irvin,eaut.2 ae-libro, Corp.40uhttps://elibro.net/ereader/politecnicointernacional/32031 c86645d86645